000 01154nam a2200337 i 4500
001 12397
003 KOSZ 005
005 20201006131533.0
008 100521s1963 pl a f 001 0 pol
015 _aPB 1963/1648
040 _aWA N
_cKOSZ 005/RW
_dKOSZ 005/RW
_dKOSZ 005/HR
041 1 _apol
_heng
046 _k1963
080 _a537.2
080 _a537.86
100 1 _aVon Hippel, Arthur R.
_d(1898-2003).
_eAutor
245 1 0 _aDielektryki i fale /
_cArthur R. Von Hippel ; [tł. Zbigniew Płochocki].
246 1 _iTyt. oryg. :
_aDielectrics and waves.
260 _aWarszawa :
_bPaństwowe Wydawnictwo Naukowe,
_c1963.
300 _a493, [2] s., 1 k. tabl. :
_bil. ;
_c25 cm.
380 _aKsiążki.
388 _a1901-2000
504 _aBibliogr. s. 475-479. Indeks.
650 4 _aDielektryki
658 _aFizyka i astronomia
650 4 _aFale elektromagnetyczne
700 1 _aPłochocki, Zbigniew
_eTłumaczenie
710 2 _aPaństwowe Wydawnictwo Naukowe
_4pbl.
856 _uhttp://koha.tu.koszalin.pl/cgi-bin/koha/opac-detail.pl?biblionumber=12397
_yKatalog online BPK
942 _2UKD
_cKS
999 _c12397
_d12397